Propiedad del subsuelo urbano: de los bienes nacionales de uso público y fiscales

Sparad:
Bibliografiska uppgifter
Huvudupphovsman: La Rocca Mattar, Paola (Författare, medförfattare)
Materialtyp: Bok
Språk:spanska
Publicerad: Santiago Jurídica La Ley 2005
Upplaga:1a. ed
Ämnen:
Taggar: Lägg till en tagg
Inga taggar, Lägg till första taggen!

MARC

LEADER 00000nam a2200000 a 4500
001 UCK4360
003 CL-VaPUC
008 050603e20050000CL |||||||||||||||||spa|d
020 |a 956784478X 
082 0 4 |a 346.830432  |b LAR  |2 21 
100 |a La Rocca Mattar, Paola  |e author  |9 833304 
245 1 0 |a Propiedad del subsuelo urbano: de los bienes nacionales de uso público y fiscales 
250 |a 1a. ed 
300 |a 185 p 
942 |c BK 
945 |d 20050603 00:00:00  |a cmena 
260 |a Santiago  |b Jurídica La Ley  |c 2005 
650 7 |a SUBSUELO  |2 CL-VaPUC  |9 492841 
650 7 |a PROPIEDAD URBANA  |2 CL-VaPUC  |9 435238 
650 0 |a Bienes raíces  |9 307158 
650 7 |a BIENES NACIONALES  |2 CL-VaPUC  |9 357395 
650 0 |a Conservación del suelo  |9 363984 
583 |a last modification  |c 20050603 00:00:00  |k Rodrigo Vera 
999 |c 313240  |d 313238 
952 |0 0  |1 0  |4 0  |6 346_830432000000000_LAR_2005  |7 0  |8 A  |9 384429  |a BIBDER  |b BIBDER  |d 2019-11-22  |i 4134737  |o 346.830432 LAR 2005  |p 4134737  |r 2023-01-25  |w 2019-11-22  |y BK  |k DER